000 00659nam a2200217Ia 4500
001 114595
003 UNIBE
005 20260422120900.0
008 26042212026 dr spspa 0000000000spa00
020 _a9789945302479
040 _cBIBLIOTECA UNIBE
_erda
_aBIBLIOTECA UNIBE
041 _aspa
082 _aRD 861 M632e
100 1 _aMieses, Juan Carlos,
_d1947-
_92863
_eautor
245 1 0 _aElementalidades /
_cJuan Carlos Mieses
260 4 _aSanto Domingo :
_b[Editor no identificado],
_c2026
300 4 _a74 páginas
648 7 _2lemb
_aPoesía dominicana
_9204271
650 7 _aLiteratura dominicana
_927782
_2lemb
942 _2ddc
_cBK
999 _c114595
_d114595